000 00199 a2200097 4500
001 29819
100 _aHopgood
245 _aCompiling Techniques
260 _a
_bMacdonald
_c
090 _c19835
_d19835
942 _aNUST-CAE
_cM
_c10930
999 _c264892
_d264892